Sports Quiz

Random Sports or Olympics Quiz
Score 0/99 Timer 15:00
0 Plays Today
Country Gymnast % Correct
United StatesCarly Patterson
96.7%
United StatesCourtney Kupets
93%
RomaniaCatalina Ponor
90.5%
RussiaSvetlana Khorkina
90.5%
Great BritainBeth Tweddle
89.7%
United StatesTerin Humphrey
88.9%
United StatesCourtney McCool
87.7%
United StatesAnnia Hatch
87.2%
RussiaAnna Pavlova
84.8%
United StatesMohini Bhardwaj
84.4%
BrazilDaiane Dos Santos
83.5%
RomaniaMonica Rosu
81.1%
FranceEmilie Lepennec
80.7%
RomaniaOana Ban
80.2%
UzbekistanOksana Chusovitina
80.2%
ChinaCheng Fei
79%
RomaniaDaniela Sofronie
79%
ChinaLin Li
77%
ChinaZhang Nan
77%
RussiaElena Zamolodchikova
77%
BrazilDaniele Hypolito
76.1%
RomaniaAlexandra Eremia
76.1%
ChinaLi Ya
74.1%
AustraliaAllana Slater
73.3%
SpainElena Gomez
71.2%
UkraineAlina Kozich
70.8%
SpainPatricia Moreno
69.5%
RomaniaSilvia Stroescu
69.1%
MexicoLaura Moreno
67.9%
ChinaFan Ye
67.5%
AustraliaLisa Skinner
66.7%
NetherlandsSuzanne Harmes
65.4%
RussiaLudmilla Ezhova
64.2%
Country Gymnast % Correct
CanadaKate Richardson
63.4%
FranceMarine Debauve
62.1%
North KoreaKang Yun Mi
61.3%
AustraliaMonette Russo
60.9%
GreeceStefani Bismpikou
60.9%
RussiaNatalia Ziganshina
60.1%
FranceIsabelle Severino
58.8%
UkraineIrina Krasnynska
58.8%
BrazilLais Souza
58%
ChinaWang Tiantian
58%
ItalyMonica Bergamelli
58%
North KoreaKim Un Jong
56.8%
SwedenVeronica Wagner
56%
SpainSara Moro
54.7%
UkraineIrina Yarotska
54.3%
SwitzerlandMelanie Marti
53.5%
Czech RepublicJana Komrskova
52.7%
CanadaGael Mackie
51.9%
JapanKyoko Oshima
51.9%
AustraliaStephanie Moorhouse
51.4%
SpainLaura Campos
50.2%
North KoreaPyon Kwang Sun
49.4%
BrazilAna Paula Rodrigues
49%
NetherlandsLaura van Leeuwen
49%
South KoreaKyung Ah Park
49%
UkraineAlyona Kvasha
49%
FranceCoralie Chacon
48.6%
AustraliaKaren Nguyen
48.1%
BrazilCamila Comin
47.7%
CanadaMelanie Banville
47.7%
BelgiumAagje von Walleghem
47.3%
BulgariaEvgenia Kuznetsova
47.3%
North KoreaHan Jong Ok
46.9%
Country Gymnast % Correct
North KoreaSo Jong Ok
46.9%
CubaLeyanet Gonzalez
46.5%
GermanyYvonne Musik
46.5%
PolandJoanna Skowronska
46.1%
RussiaMaria Krioutchkova
45.7%
SpainMonica Mesalles
45.3%
UkraineMirabella Akhunu
45.3%
ItalyMaria Teresa Gargano
44.9%
Great BritainElizabeth Line
44.4%
SpainTania Gener
44.4%
ArgentinaCeleste Carnevale
44%
AustraliaMelissa Munro
44%
BrazilCaroline Molinari
44%
CanadaKylie Stone
44%
FranceSoraya Chaouch
44%
GreeceMaria Apostolidi
44%
SlovakiaZuzana Sekerova
43.2%
Great BritainKaty Lennon
42.8%
UkraineOlga Sherbatykh
42.8%
Great BritainNicola Willis
42.4%
GermanyLisa Bruggemann
42%
North KoreaRi Hae Yon
40.7%
South AfricaZandre Labuschangne
40.7%
CanadaAmelie Plante
40.3%
CanadaHeather Purnell
40.3%
MexicoBrenda Magana
40.3%
FranceCamille Schmutz
39.9%
JapanManami Ishizaka
39.9%
Great BritainVanessa Hobbs
38.3%
Great BritainCherrelle Fennell
37.9%
BoliviaMaria Jose de la Fuente
37%
HungaryKrisztina Szarka
36.2%
BelarusYulia Tarasenka
35.4%
Remove Ads.
Support Sporcle.
Get the best of Sporcle when you Go Orange. This ad-free experience offers more features, more stats, and more fun while also helping to support Sporcle. Thank you for becoming a member.

You're not logged in!

Compare scores with friends on all Sporcle quizzes.
OR
Log In

Show Comments

Extras

Top Quizzes Today


Score Distribution

Your Account Isn't Verified!

In order to create a playlist on Sporcle, you need to verify the email address you used during registration. Go to your Sporcle Settings to finish the process.

Report this User

Report this user for behavior that violates our Community Guidelines.

Details: